LEADER 01112nam a2200265 i 4500 001 000000071328 003 CaOOAMICUS 005 20250214130152.0 008 090109s1968 it u000 u ita u 040 $aSeMil$bita 100 1 $aMarcus Aurelius Antoninus .$0(OLS)http://semarc/name/29786 245 12$aI ricordi /$cMarco Aurelio ; traduzione di Francesco Cazzamini-Mussi ; revisione, introduzione e note di Carlo Carena. 264 1$aTorino :$bGiulio Einaudi,$c1968. 300 $aXIX, 203 p. ;$c23 cm. 490 1 $aI millenni 700 1 $aCarena, Carlo,$d<1925-2023>.$0(OLS)http://semarc/name/3861 700 1 $aCazzamini Mussi, Francesco.$0(OLS)http://semarc/name/35464 830 2$aI millenni.$0(OLS)http://semarc/title/7877 850 $aSeMil 852 $aSeMil$W1$xVenegono$y1$m1X III 222$j237990$B37481$CSeMilBibl$Z2$F37484 $81 941 1 $a3 961 $aLascito: Colombo Card. Giovanni 996 $6245$aI ricordi$9(OLS)http://semarc/title/24467 996 $6264$aTorino :$bGiulio Einaudi$9(OLS)http://semarc/publisher/29810 LEADER 01359nam a2200301 i 4500 001 000000114374 003 CaOOAMICUS 005 20180115000000.0 008 180115s2001 it u000 u ita u 013 $a87060 020 $a88-372-1841-9 040 $aSeMil$bita 100 0 $aAlanus : de Insulis,$d<1120 ca.-1203>.$0(OLS)http://semarc/name/9658 245 10$aSulle tracce di Dio :$bRegule celestis iuris ; Sermo de sphaera intelligibili /$cAlano di Lilla ; a cura di Marco Rossini. 260 $aBrescia :$bMorcelliana,$c2001. 300 $a178 p. ;$c23 cm. 490 0 $aLetteratura cristiana antica 600 04$aAlano : di Lilla .$0(OLS)http://semarc/subject/12852 650 4$aTeologia - Testi - Sec. 12.$0(OLS)http://semarc/subject/4647 700 1 $aRossini, Marco,$d<1958- >.$0(OLS)http://semarc/name/43354 830 0$aLetteratura cristiana antica.$0(OLS)http://semarc/title/8308 850 $aSeMil 852 $aSeMil$W1$xVenegono$y1$m2TA C 1$j228341$B69953$CSeMilBibl$Z2$F75340 $81 900 0 $aAlano : di Lilla. 996 $6020$a88-372-1841-9$9(OLS)http://semarc/number/97659 996 $6245$aSulle tracce di Dio :$bRegule celestis iuris ; Sermo de sphaera intelligibili$9(OLS)http://semarc/title/407593 996 $6260$aBrescia :$bMorcelliana$9(OLS)http://semarc/publisher/29629